000 00553cam a2200145 4500500
005 20260208010140.0
041 _afre
042 _adc
100 1 0 _aRey, Pierre-Louis
_eauthor
245 0 0 _aDAVIDE VAGO, Proust en couleur. Paris, Honoré Champion, 2012. Un vol. de 274 p.
260 _c2013.
500 _a55
786 0 _nRevue d'histoire littéraire de la France | 113 | 4 | 2013-12-01 | p. 935zb-989zb | 0035-2411
856 4 1 _uhttps://shs.cairn.info/revue-d-histoire-litteraire-de-la-france-2013-4-page-935zb?lang=fr&redirect-ssocas=7080
999 _c1655314
_d1655314